000 00656nam a2200241 a 4500
001 nice12345678
003 IN_TiNIC
005 20260116013130.0
008 050524s1996 pena grp 000 0 eng
020 _a0812269
_c450
082 0 0 _a305.420964
_bKAP
100 _aKapchan, Deborah
245 _aGender on the Market
_b Moroccan Women and the Revoicing of Tradition
260 _aPennsylvania
_bUniversity of Pennsylvania
_c1996
300 _a325p
500 _aincludes index and biblioraphy
505 2 _aAppendix, Index
650 _aWomen-Morocco
700 1 _aKapchan, Deborah
902 _bSRS
942 _cBK
999 _c9790
_d9790